| 000 | 01089nasaa2200301 i 4500 | ||
|---|---|---|---|
| 003 | EG-GICUS | ||
| 005 | 20260407110419.0 | ||
| 008 | 260407b20032003uuuuti fr p i0 0ara d | ||
| 022 | _a0330-700X | ||
| 040 |
_aEG-GiCUC _bara _c EG-GiCUC _erda |
||
| 041 | _aara | ||
| 043 | _ama----- | ||
| 049 | _aإشتراك | ||
| 092 |
_a025.065 _bA3163 _221 |
||
| 099 | _a025.065 A3163 | ||
| 245 | 0 | 2 |
_aالمجلة العربية للعلوم والمعلومات/ _bمجلة علمية نصف سنوية |
| 246 | 0 | 2 | _aArab journal of science and information |
| 264 | 1 |
_aتونس: _b؛المنظمة العربية للتربية والثقافة والعلوم _c2003- |
|
| 300 |
_aمجلد : _bايضاحيات ؛ _c28 سم |
||
| 310 | _aSemi-annual | ||
| 362 | _aصدر العدد الاول يونيو 2003 | ||
| 541 | _aإشتراك | ||
| 588 | _5العدد 7 يونيو 2006 | ||
| 650 | 7 |
_aالمعلومات،علم _vدوريات _2qarmk |
|
| 710 | _aالمنظمة العربية للتربية والثقافة والعلوم | ||
| 905 |
_aSuzan _eAbeer |
||
| 942 |
_n0 _cCR |
||
| 999 |
_c179243 _d179243 |
||